000 00963nas a2200301 4500
001 BR2015006030
003 BR-BrBNA
005 20231205125830.0
007 ta
008 230509b bl.|||p| |||| 00| 00por d
040 _aBR-BrBNA
_bpor
_cBiblioteca Nacional de Agricultura
041 _a(Pt)
072 _aN20
100 1 _aQueiroz, H. de S.
100 1 _aReis, E.F. dos
100 1 _aWruck, E.W.
245 1 _aInfluência da temperatura da calda nas características das gotas de pulverização hidráulica
650 _aEQUIPAMENTO AGRICOLA
650 _aPULVERIZADOR
650 _aPULVERIZACAO
650 _aHIDRAULICA
650 _aMETODO DE APLICACAO
650 _aAGROTOXICO
773 0 _tRevista Agrotecnologia (Brazil)
_xISSN 2179-5959
_g(2011), v. 2(2) p. 68-81
_wBR2015006030
856 4 0 _uhttp://www.revista.ueg.br/index.php/agrotecnologia/article/view/206/201
909 _a202311
_bLúcia
_c55
_dLúcia Elande
942 _2AGRIS
_n0
_cANA
999 _c246410
_d246410